2025-26 NFL OROY Candidates - Statistics

General Stats
  • This quiz has been taken 4 times
  • The average score is 4 of 6
Answer Stats
Team Name % Correct
Panthers Tetairoa McMillan
100%
Patriots TreVeyon Henderson
100%
Buccaneers Emeka Egbuka
67%
Giants Jaxson Dart
67%
Saints Tyler Shough
67%
Seahawks Grey Zabel
0%
No matching quizzes found
Score Distribution
Percent of People with Each Score
Percentile by Number Answered
Your Score History
You have not taken this quiz